000 00561nam a22001697a 4500
003 BD-ChCU
005 20251120092104.0
008 251119b usa ||||| |||| 00| 0 eng d
040 _cBD-ChCU
082 _a330.1 SOP
100 _aSouter, Ralph William.
_916422
245 _aProlegomena to relativity economics :
_ban elementary study in the mechanics and organics of an expanding economic universe. /
_cWilliam Ralph Souter.
260 _aNew York :
_bC. U. P.,
_cc1933
300 _axiv, 171p
650 0 _aEconomics, Theory of
_916423
942 _2ddc
_cBK
_n0
999 _c109583
_d109583